000 00967nam a2200289 i 4500
003 DO-SdBNP
005 20250514090006.0
007 ta
008 250514b2001 dr ||||| |||| 00| 0 spa d
040 _aDO-SdBNP
_bspa
_cBNPHU
_erda
041 _aspa
082 4 _axxx
_bxxx
_222
100 _aTobal, Vinicio,
_d1882-1956
_eautor
_4aut.
_935822
245 1 3 _aDerecho comparado contemporáneo /
_cVinicio Tobal
250 _aSegunda edición, ampliada y corregida
264 1 _aSanto Domingo :
_bEditora Alfa y Omega,
_c2001.
300 _a312 páginas ;
_c21 cm.
336 _atexto
_btxt
_2rdacontent
337 _asin mediación
_bn
_2RDAmedia
338 _avolumen
_bnc
_2rdacarrier
500 _aIncluye datos biográficos del autor en la contracubierta.
586 _aNovela premiada en el concurso literario celebrado con motivo del Centenario de la República.
590 _aInventariado, 2025/BT
650 _967
910 _aBtavárez
942 _2ddc
_cLBS1
999 _c59026
_d59026